The county courts of medieval England, 1150-1350 /

Bibliographic Details
Main Author: Palmer, Robert C., 1947-
Format: Book
Language:English
Published: Princeton, N.J. : Princeton University Press, [1982]
Subjects:

MARC

Tag First Indicator Second Indicator Subfields
LEADER 00000pam a2200000 a 4500
001 in00000092132
005 20150923131917.0
008 811221s1982 nju b 00110 eng
010 |a  81047939  
020 |a 0691053413 :  |c $30.00 
035 |a (OCoLC)08109862 
035 |9 AAK7209AM 
039 0 |a 2  |b 3  |c 3  |d 3  |e 3 
040 |a DLC  |c DLC  |d TXA  |d UtOrBLW 
043 |a e-uk--- 
049 |a TXAM  |c [1117042] 
050 0 0 |a KD6972  |b  P34 1982 
082 0 |a 347.42/021  |a 344.2072  |2 19 
100 1 |a Palmer, Robert C.,  |d 1947- 
245 1 4 |a The county courts of medieval England, 1150-1350 /  |c Robert C. Palmer. 
264 1 |a Princeton, N.J. :  |b Princeton University Press,  |c [1982] 
264 4 |c ©1982 
300 |a xvii, 360 pages ;  |c 25 cm. 
336 |a text  |b txt  |2 rdacontent 
337 |a unmediated  |b n  |2 rdamedia 
338 |a volume  |b nc  |2 rdacarrier 
500 |a Includes index. 
504 |a Bibliography: pages 335-344. 
650 0 |a County courts  |z Great Britain  |x History. 
999 |a MARS 
999 f f |s ac8f4336-b6d8-3f56-b4ee-90aba190dd31  |i 1b44a7e4-206e-3ad0-b415-8d5e00138770  |t 0 
952 f f |p ric  |a Texas A&M University  |b Rellis Campus  |c Joint Library Facility  |d Remote Storage  |t 0  |e KD6972 P34 1982  |h Library of Congress classification  |i unmediated -- volume  |m A14806005356 
998 f f |a KD6972 P34 1982  |t 0  |l Remote Storage